NBA Top 10 PPG Since 2000 - Statistics

General Stats
  • This quiz has been taken 41 times
    10 since last reset
  • The average score is 233 of 270
Answer Stats
Year Team Player % Correct
2015: 8 Clippers Blake Griffin
100%
2014: 6 Clippers Blake Griffin
100%
2012: 10 Clippers Blake Griffin
100%
2012: 8 Mavericks Dirk Nowitzki
100%
2011: 10 Mavericks Dirk Nowitzki
100%
2010: 7 Mavericks Dirk Nowitzki
100%
2009: 4 Mavericks Dirk Nowitzki
100%
2008: 7 Mavericks Dirk Nowitzki
100%
2006: 7 Mavericks Dirk Nowitzki
100%
2005: 4 Mavericks Dirk Nowitzki
100%
2004: 9 Mavericks Dirk Nowitzki
100%
2003: 6 Mavericks Dirk Nowitzki
100%
2002: 8 Mavericks Dirk Nowitzki
100%
2013: 8 Heat Dwyane Wade
100%
2011: 4 Heat Dwyane Wade
100%
2010: 5 Heat Dwyane Wade
100%
2009: 1 Heat Dwyane Wade
100%
2006: 5 Heat Dwyane Wade
100%
2005: 9 Heat Dwyane Wade
100%
2025: 2 Bucks Giannis Antetokounmpo
100%
2024: 2 Bucks Giannis Antetokounmpo
100%
2023: 5 Bucks Giannis Antetokounmpo
100%
2022: 2 Bucks Giannis Antetokounmpo
100%
2021: 5 Bucks Giannis Antetokounmpo
100%
2020: 5 Bucks Giannis Antetokounmpo
100%
2019: 3 Bucks Giannis Antetokounmpo
100%
2018: 5 Bucks Giannis Antetokounmpo
100%
2017: 3 Celtics Isaiah Thomas
100%
2020: 1 Rockets James Harden
100%
2019: 1 Rockets James Harden
100%
2018: 1 Rockets James Harden
100%
2017: 2 Rockets James Harden
100%
2016: 2 Rockets James Harden
100%
2015: 2 Rockets James Harden
100%
2014: 5 Rockets James Harden
100%
2013: 5 Rockets James Harden
100%
2025: 5 Celtics Jayson Tatum
100%
2024: 7 Celtics Jayson Tatum
100%
2023: 6 Celtics Jayson Tatum
100%
2022: 7 Celtics Jayson Tatum
100%
2021: 10 Celtics Jayson Tatum
100%
2025: 6 Suns Kevin Durant
100%
2024: 5 Suns Kevin Durant
100%
2019: 8 Warriors Kevin Durant
100%
2018: 6 Warriors Kevin Durant
100%
2016: 3 Thunder Kevin Durant
100%
2014: 1 Thunder Kevin Durant
100%
2013: 2 Thunder Kevin Durant
100%
2012: 1 Thunder Kevin Durant
100%
2011: 1 Thunder Kevin Durant
100%
2010: 1 Thunder Kevin Durant
100%
2009: 6 Thunder Kevin Durant
100%
2013: 3 Lakers Kobe Bryant
100%
2012: 2 Lakers Kobe Bryant
100%
2011: 5 Lakers Kobe Bryant
100%
2010: 4 Lakers Kobe Bryant
100%
2009: 3 Lakers Kobe Bryant
100%
2008: 2 Lakers Kobe Bryant
100%
2007: 1 Lakers Kobe Bryant
100%
2006: 1 Lakers Kobe Bryant
100%
2005: 2 Lakers Kobe Bryant
100%
2004: 4 Lakers Kobe Bryant
100%
2003: 2 Lakers Kobe Bryant
100%
2002: 6 Lakers Kobe Bryant
100%
2001: 4 Lakers Kobe Bryant
100%
2023: 8 Nets/Mavericks Kyrie Irving
100%
2021: 9 Nets Kyrie Irving
100%
2018: 8 Celtics Kyrie Irving
100%
2015: 9 Cavaliers Kyrie Irving
100%
2018: 3 Cavaliers LeBron James
100%
2017: 8 Cavaliers LeBron James
100%
2016: 5 Cavaliers LeBron James
100%
2015: 3 Cavaliers LeBron James
100%
2014: 3 Heat LeBron James
100%
2013: 4 Heat LeBron James
100%
2012: 3 Heat LeBron James
100%
2011: 2 Heat LeBron James
100%
2010: 2 Cavaliers LeBron James
100%
2009: 2 Cavaliers LeBron James
100%
2008: 1 Cavaliers LeBron James
100%
2007: 4 Cavaliers LeBron James
100%
2006: 3 Cavaliers LeBron James
100%
2005: 3 Cavaliers LeBron James
100%
2026: 1 Lakers Luka Dončić
100%
2024: 1 Mavericks Luka Dončić
100%
2023: 2 Mavericks Luka Dončić
100%
2022: 3 Mavericks Luka Dončić
100%
2021: 6 Mavericks Luka Dončić
100%
2020: 6 Mavericks Luka Dončić
100%
2026: 8 Nuggets Nikola Jokić
100%
2025: 3 Nuggets Nikola Jokić
100%
2024: 10 Nuggets Nikola Jokić
100%
2022: 6 Nuggets Nikola Jokić
100%
2019: 2 Thunder Paul George
100%
2016: 10 Pacers Paul George
100%
2024: 9 Warriors Steph Curry
100%
2022: 10 Warriors Steph Curry
100%
2021: 1 Warriors Steph Curry
100%
2019: 5 Warriors Steph Curry
100%
2017: 10 Warriors Steph Curry
100%
2016: 1 Warriors Steph Curry
100%
2015: 6 Warriors Steph Curry
100%
2014: 7 Warriors Steph Curry
100%
2013: 7 Warriors Steph Curry
100%
2004: 8 Spurs Tim Duncan
100%
2003: 7 Spurs Tim Duncan
100%
2002: 5 Spurs Tim Duncan
100%
2000: 9 Spurs Tim Duncan
100%
2023: 10 Hawks Trae Young
100%
2022: 4 Hawks Trae Young
100%
2020: 4 Hawks Trae Young
100%
2021: 8 Pelicans Zion Williamson
100%
2008: 3 Nuggets Allen Iverson
88%
2007: 7 76ers/Nuggets Allen Iverson
88%
2006: 2 76ers Allen Iverson
88%
2005: 1 76ers Allen Iverson
88%
2003: 3 76ers Allen Iverson
88%
2002: 1 76ers Allen Iverson
88%
2001: 1 76ers Allen Iverson
88%
2000: 2 76ers Allen Iverson
88%
2020: 10 Lakers Anthony Davis
88%
2018: 2 Pelicans Anthony Davis
88%
2017: 4 Pelicans Anthony Davis
88%
2016: 7 Pelicans Anthony Davis
88%
2015: 4 Pelicans Anthony Davis
88%
2026: 3 Timberwolves Anthony Edwards
88%
2025: 4 Timberwolves Anthony Edwards
88%
2004: 6 Bobcats Baron Davis
88%
2021: 2 Wizards Bradley Beal
88%
2020: 2 Wizards Bradley Beal
88%
2025: 7 Pistons Cade Cunningham
88%
2014: 2 Knicks Carmelo Anthony
88%
2013: 1 Knicks Carmelo Anthony
88%
2012: 6 Knicks Carmelo Anthony
88%
2011: 3 Nuggets/Knicks Carmelo Anthony
88%
2010: 3 Nuggets Carmelo Anthony
88%
2009: 8 Nuggets Carmelo Anthony
88%
2008: 4 Nuggets Carmelo Anthony
88%
2007: 2 Nuggets Carmelo Anthony
88%
2006: 8 Nuggets Carmelo Anthony
88%
2010: 9 Raptors Chris Bosh
88%
2009: 9 Raptors Chris Bosh
88%
2008: 10 Raptors Chris Bosh
88%
2025: 10 Trail Blazers Damian Lillard
88%
2023: 3 Trail Blazers Damian Lillard
88%
2021: 3 Trail Blazers Damian Lillard
88%
2020: 3 Trail Blazers Damian Lillard
88%
2019: 9 Trail Blazers Damian Lillard
88%
2018: 4 Trail Blazers Damian Lillard
88%
2017: 6 Trail Blazers Damian Lillard
88%
2016: 6 Trail Blazers Damian Lillard
88%
2024: 8 Kings De'Aaron Fox
88%
2017: 7 Kings/Pelicans DeMarcus Cousins
88%
2016: 4 Kings DeMarcus Cousins
88%
2015: 5 Kings DeMarcus Cousins
88%
2014: 9 Kings DeMarcus Cousins
88%
2022: 5 Bulls DeMar DeRozan
88%
2017: 5 Raptors DeMar DeRozan
88%
2016: 9 Raptors DeMar DeRozan
88%
2014: 10 Raptors DeMar DeRozan
88%
2011: 7 Bulls Derrick Rose
88%
2026: 9 Suns Devin Booker
88%
2025: 9 Suns Devin Booker
88%
2024: 6 Suns Devin Booker
88%
2022: 8 Suns Devin Booker
88%
2020: 9 Suns Devin Booker
88%
2019: 7 Suns Devin Booker
88%
2026: 7 Cavaliers Donovan Mitchell
88%
2023: 7 Cavaliers Donovan Mitchell
88%
2022: 9 Jazz Donovan Mitchell
88%
2026: 10 Knicks Jalen Brunson
88%
2025: 8 Knicks Jalen Brunson
88%
2024: 4 Knicks Jalen Brunson
88%
2026: 4 Celtics Jaylen Brown
88%
2023: 9 Celtics Jaylen Brown
88%
2023: 1 76ers Joel Embiid
88%
2022: 1 76ers Joel Embiid
88%
2021: 4 76ers Joel Embiid
88%
2019: 4 76ers Joel Embiid
88%
2026: 6 Clippers Kawhi Leonard
88%
2020: 8 Clippers Kawhi Leonard
88%
2019: 6 Raptors Kawhi Leonard
88%
2017: 9 Spurs Kawhi Leonard
88%
2014: 4 Timberwolves Kevin Love
88%
2012: 4 Timberwolves Kevin Love
88%
2020: 7 Rockets Russell Westbrook
88%
2018: 7 Thunder Russell Westbrook
88%
2017: 1 Thunder Russell Westbrook
88%
2016: 8 Thunder Russell Westbrook
88%
2015: 1 Thunder Russell Westbrook
88%
2013: 6 Thunder Russell Westbrook
88%
2012: 5 Thunder Russell Westbrook
88%
2026: 2 Thunder Shai Gilgeous-Alexander
88%
2025: 1 Thunder Shai Gilgeous-Alexander
88%
2024: 3 Thunder Shai Gilgeous-Alexander
88%
2023: 4 Thunder Shai Gilgeous-Alexander
88%
2003: 4 Lakers Shaquille O'Neal
88%
2002: 2 Lakers Shaquille O'Neal
88%
2001: 3 Lakers Shaquille O'Neal
88%
2000: 1 Lakers Shaquille O'Neal
88%
2026: 5 76ers Tyrese Maxey
88%
2021: 7 Bulls Zach LaVine
88%
2011: 6 Suns Amar'e Stoudemire
75%
2010: 10 Suns Amar'e Stoudemire
75%
2008: 5 Suns Amar'e Stoudemire
75%
2005: 5 Suns Amar'e Stoudemire
75%
2003: 8 Kings Chris Webber
75%
2001: 6 Kings Chris Webber
75%
2000: 6 Kings Chris Webber
75%
2012: 9 Nets Deron Williams
75%
2002: 9 Jazz Karl Malone
75%
2000: 5 Jazz Karl Malone
75%
2019: 10 Hornets Kemba Walker
75%
2004: 3 Timberwolves Kevin Garnett
75%
2003: 9 Timberwolves Kevin Garnett
75%
2000: 10 Timberwolves Kevin Garnett
75%
2006: 6 Celtics Paul Pierce
75%
2004: 5 Celtics Paul Pierce
75%
2003: 5 Celtics Paul Pierce
75%
2002: 3 Celtics Paul Pierce
75%
2001: 8 Celtics Paul Pierce
75%
2007: 6 SuperSonics Ray Allen
75%
2006: 10 SuperSonics Ray Allen
75%
2005: 10 SuperSonics Ray Allen
75%
2003: 10 Bucks/SuperSonics Ray Allen
75%
2007: 10 Rockets Tracy McGrady
75%
2005: 6 Rockets Tracy McGrady
75%
2004: 1 Magic Tracy McGrady
75%
2003: 1 Magic Tracy McGrady
75%
2002: 4 Magic Tracy McGrady
75%
2001: 7 Magic Tracy McGrady
75%
2018: 10 Pacers Victor Oladipo
75%
2007: 8 Nets Vince Carter
75%
2005: 8 Raptors/Nets Vince Carter
75%
2004: 7 Raptors Vince Carter
75%
2002: 7 Raptors Vince Carter
75%
2001: 5 Raptors Vince Carter
75%
2000: 4 Raptors Vince Carter
75%
2002: 10 Celtics Antoine Walker
63%
2013: 10 Nets Brook Lopez
63%
2009: 7 Hornets Chris Paul
63%
2000: 7 SuperSonics Gary Payton
63%
2007: 9 Hawks Joe Johnson
63%
2015: 10 Klay Thompson
63%
2018: 9 Spurs LaMarcus Aldridge
63%
2015: 7 Trail Blazers LaMarcus Aldridge
63%
2014: 8 Trail Blazers LaMarcus Aldridge
63%
2013: 9 Trail Blazers LaMarcus Aldridge
63%
2012: 7 Trail Blazers LaMarcus Aldridge
63%
2009: 10 Trail Blazers Brandon Roy
50%
2007: 3 Wizards Gilbert Arenas
50%
2006: 4 Wizards Gilbert Arenas
50%
2005: 7 Wizards Gilbert Arenas
50%
2011: 8 Warriors Monta Ellis
50%
2010: 6 Warriors Monta Ellis
50%
2004: 2 Kings Peja Stojaković
50%
2010: 8 Pacers Danny Granger
38%
2009: 5 Pacers Danny Granger
38%
2011: 9 Rockets Kevin Martin
38%
2008: 6 Kings Kevin Martin
38%
2008: 8 Bucks Michael Redd
38%
2007: 5 Bucks Michael Redd
38%
2006: 9 Bucks Michael Redd
38%
2004: 10 Bucks Michael Redd
38%
2008: 9 Nets Richard Jefferson
38%
2000: 3 Pistons Grant Hill
25%
2001: 2 Pistons Jerry Stackhouse
25%
2000: 8 Pistons Jerry Stackhouse
25%
2001: 10 Nets Stephon Marbury
25%
2001: 9 Warriors Antawn Jamison
13%
No matching quizzes found
Score Distribution
Percent of People with Each Score
Percentile by Number Answered
Your Score History
You have not taken this quiz since the last reset